[Event "ICS rated blitz match"]
[Site "204.178.125.65"]
[Date "1999.10.01"]
[Round "?"]
[White "Hossa"]
[Black "matar"]
[Result "1-0"]
[WhiteElo "2461"]
[BlackElo "2138"]
[Annotator "Fritz 5.32 (22s)"]
[PlyCount "93"]
[EventDate "1999.??.??"]

1. e4 c5 2. Nf3 e6 3. d4 cxd4 4. Nxd4 a6 5. Nc3 Qc7 6. Be3 6... Ba3 $146 (6...
b5 7. Bd3 (7. g3 Bb7 8. Bg2 Nf6 9. a3 Be7 10. O-O Nc6 11. f4 d6 12. Kh1 O-O 13.
Qe2 Rad8 14. Rad1 Na5 15. g4 d5 16. e5 Ne4 17. Nxe4 dxe4 18. c3 Bd5 19. Rfe1 g5
20. Qf2 Nc4 21. Bc1 21... f6 {Movsesian,M-Horak,O/CZE 1996/EXT 99/0-1 (50)})
7... Bb7 8. f4 (8. a3 Nf6 9. O-O Be7 10. Qe2 O-O 11. f3 d6 12. Qf2 Nbd7 13.
Rfd1 Rac8 14. Nb3 d5 15. exd5 Nxd5 16. Nxd5 Bxd5 17. Rd2 Ne5 18. Bb6 Nxd3 19.
cxd3 Qc6 20. Na5 Qxb6 21. Qxb6 Bc5+ 22. Qxc5 22... Rxc5 {
Vogt,L-Postler,R/Colditz 1967/EXT 99/0-1 (62)}) 8... Nf6 (8... d6 9. O-O Nf6
10. Qf3 Nbd7 11. a3 Be7 12. Rae1 O-O 13. g4 Nc5 14. g5 Nfd7 15. Qh3 Nxd3 16.
cxd3 Rfe8 17. f5 exf5 18. Nxf5 Ne5 19. d4 Nd3 20. Nxg7 Nxe1 21. Nxe8 Qc8 22.
Qxc8 Rxc8 23. Nf6+ {Komljenovic,D-Bukic,E/Umag 1972/MCD/1-0 (54)}) 9. Qf3 Bb4
10. O-O Bxc3 11. bxc3 Qxc3 12. a4 bxa4 13. Rxa4 d5 14. e5 Ne4 15. Rb1 Qc7 16.
Rab4 Nc5 17. Qg3 g6 18. f5 gxf5 19. Qg7 Rf8 20. Rxb7 {
1-0 Bachmayr,P-Gerstner,W/Munich 1992/TD (20)}) 7. Ndb5 axb5 8. Nxb5 Qa5+ 9.
Bd2 Bb4 10. Nd6+ Kd8 11. Nxf7+ Ke7 12. Nxh8 Bxd2+ 13. Qxd2 Nf6 14. Qxa5 Rxa5
15. Bd3 d6 16. f4 Nc6 17. h3 Kf8 18. c3 Kg8 19. b4 Ra3 20. b5 Ne7 21. e5 dxe5
22. fxe5 Nfd5 23. O-O Rxc3 24. Bxh7+ Kxh7 25. Nf7 Ne3 26. Rac1 Rxc1 27. Rxc1
N3d5 28. Nd6 Bd7 29. Nxb7 Bxb5 30. Nd6 Ba4 31. Kf2 Ng6 32. Nf7 Be8 33. Ng5+ Kh6
34. Nxe6 Nxe5 35. Rc2 Bf7 36. Nc5 Nf4 37. Kg3 Nd5 38. a4 Nb4 39. Rf2 Bd5 40. a5
g5 41. Rf6+ Kg7 42. Rf5 Nbc6 43. a6 (43. Rxg5+ $6 43... Kf6 44. h4 44... Ne7
$18) 43... Kg6 (43... Bf7 {holt die Kuh nicht vom Eis} 44. a7 (44. Rxg5+ $6
44... Kf6 45. Ne4+ 45... Ke6 $18) 44... Nxa7 45. Rxe5 $18) 44. a7 Nxa7 45. Rxe5
Bc6 (45... Bf7 {kann das Vorangegangene nicht ungeschehen machen} 46. Kg4 $18)
46. Re7 Kf5 (46... Bxg2 {aendert den traurigen Lauf der Dinge nicht} 47. Kxg2
Nb5 48. Kf3 $18) 47. Rxa7 (47. Rxa7 Bd5 48. Nd7 $18) 1-0

[Event "ICS rated blitz match"]
[Site "204.178.125.65"]
[Date "1999.10.01"]
[Round "?"]
[White "Hossa"]
[Black "matar"]
[Result "1-0"]
[WhiteElo "2452"]
[BlackElo "2147"]
[Annotator "Fritz 5.32 (20s)"]
[PlyCount "57"]
[EventDate "1999.??.??"]

1. e4 c5 2. Nf3 e6 3. d4 cxd4 4. Nxd4 a6 5. Nc3 Qc7 6. Be3 6... Ba3 $16 (6...
b5 7. Bd3 (7. g3 Bb7 8. Bg2 Nf6 9. a3 Be7 10. O-O Nc6 11. f4 d6 12. Kh1 O-O 13.
Qe2 Rad8 14. Rad1 Na5 15. g4 d5 16. e5 Ne4 17. Nxe4 dxe4 18. c3 Bd5 19. Rfe1 g5
20. Qf2 Nc4 21. Bc1 21... f6 {Movsesian,M-Horak,O/CZE 1996/EXT 99/0-1 (50)})
7... Bb7 8. f4 (8. a3 Nf6 9. O-O Be7 10. Qe2 O-O 11. f3 d6 12. Qf2 Nbd7 13.
Rfd1 Rac8 14. Nb3 d5 15. exd5 Nxd5 16. Nxd5 Bxd5 17. Rd2 Ne5 18. Bb6 Nxd3 19.
cxd3 Qc6 20. Na5 Qxb6 21. Qxb6 Bc5+ 22. Qxc5 22... Rxc5 {
Vogt,L-Postler,R/Colditz 1967/EXT 99/0-1 (62)}) 8... Nf6 (8... d6 9. O-O Nf6
10. Qf3 Nbd7 11. a3 Be7 12. Rae1 O-O 13. g4 Nc5 14. g5 Nfd7 15. Qh3 Nxd3 16.
cxd3 Rfe8 17. f5 exf5 18. Nxf5 Ne5 19. d4 Nd3 20. Nxg7 Nxe1 21. Nxe8 Qc8 22.
Qxc8 Rxc8 23. Nf6+ Bxf6 24. Rxf6 Nd3 25. Rxd6 Nxb2 26. Nd5 Bxd5 27. Rxd5 Rc3
28. Bf4 Nc4 29. Rc5 Rxa3 30. Kf2 Kg7 31. d5 Rd3 32. Rc6 a5 33. Rc5 a4 34. Rxb5
a3 35. Rb7 a2 36. Ra7 Ra3 37. Be5+ Kf8 38. Rxa3 Nxa3 39. Ke2 Nc2 40. Kd2 Na3
41. Bf6 Ke8 42. Kd3 Kd7 43. Bb2 {Komljenovic,D-Bukic,E/Umag 1972/MCD/1-0 (54)})
9. Qf3 Bb4 10. O-O Bxc3 11. bxc3 Qxc3 12. a4 bxa4 13. Rxa4 d5 14. e5 Ne4 15.
Rb1 Qc7 16. Rab4 Nc5 17. Qg3 g6 18. f5 gxf5 19. Qg7 Rf8 20. Rxb7 {
1-0 Bachmayr,P-Gerstner,W/Munich 1992/TD (20)}) (6... Bb4 $5 {ist zu beachten}
7. Nde2 7... Nf6 $11) 7. Ndb5 axb5 8. Nxb5 Qa5+ 9. Bd2 Bb4 10. Nd6+ 10... Kd8
$4 $18 {verschlechtert die Stellung weiter} (10... Kf8 $142 11. Nxc8 11... Qc5
$14) 11. Nxf7+ Ke7 12. Nxh8 Bxd2+ 13. Qxd2 Nf6 14. Qxa5 Rxa5 15. Bd3 Kf8 16. b4
Rg5 17. g3 (17. h4 $5 {und Weiss haette es noch leichter} 17... Rxg2 18. e5
18... Ng4 $18) 17... Re5 $6 {laesst den Kopf haengen} (17... Kg8 18. f4 18...
Rh5 $18) 18. f4 Rxe4+ 19. Bxe4 Nxe4 20. O-O Kg8 21. Rfe1 (21. f5 $5 {
laesst dem Gegner kaum Chancen} 21... Nf6 $18) 21... Nf6 22. Ng6 hxg6 23. h4 (
23. b5 23... Kf7 $18) 23... Kf8 (23... Nc6 24. c3 $18) 24. b5 Ke7 25. a4 d6 26.
a5 Kd7 27. Ra4 Ke7 28. Rc4 28... Nfd7 $4 {ein Fehler in schlechter Stellung} (
28... Kd8 $18) 29. Rxc8 (29. Rxc8 g5 30. fxg5 $18) 1-0

[Event "ICS rated blitz match"]
[Site "204.178.125.65"]
[Date "1999.10.10"]
[Round "?"]
[White "Hossa"]
[Black "matar"]
[Result "1-0"]
[WhiteElo "2441"]
[BlackElo "2159"]
[PlyCount "69"]
[EventDate "1999.??.??"]

1. d4 d5 2. Nf3 Nf6 3. c4 e6 4. Nc3 c6 5. e3 Nbd7 6. Bd3 dxc4 7. Bxc4 b5 8. Bd3
a6 9. a4 b4 10. Ne4 c5 11. O-O Bb7 12. Nxf6+ Nxf6 13. b3 Be7 14. Bb2 O-O 15.
Rc1 Qd5 16. dxc5 Bxc5 17. Bxf6 gxf6 18. Qc2 Rac8 19. Qb1 Qh5 20. Be4 Bxe4 21.
Qxe4 Kh8 22. Qb7 Rg8 23. Kh1 Rcd8 24. Qxa6 Rxg2 25. Qb7 Rd5 26. Rg1 Rxg1+ 27.
Nxg1 Bd6 28. f4 Rd2 29. h3 Kg7 30. Qe4 f5 31. Qc6 Qh4 32. Rc2 Qf2 33. Rxd2 Qxd2
34. Qg2+ Kf8 35. Qxd2 {matar resigns} 1-0

[Event "ICS rated blitz match"]
[Site "204.178.125.65"]
[Date "1999.09.20"]
[Round "?"]
[White "Hossa"]
[Black "matar"]
[Result "0-1"]
[WhiteElo "2438"]
[BlackElo "2186"]
[PlyCount "96"]
[EventDate "1999.??.??"]

1. e4 c5 2. Nf3 e6 3. d4 cxd4 4. Nxd4 a6 5. Nc3 Qc7 6. Bd3 Nc6 7. Nde2 Nf6 8.
Bg5 b5 9. O-O Bb7 10. Bxf6 gxf6 11. Nb1 h5 12. c4 bxc4 13. Bxc4 Ne5 14. Bd3 Rg8
15. Ng3 h4 16. Nh5 Be7 17. Na3 f5 18. Be2 fxe4 19. Rc1 Qb8 20. Kh1 Nd3 21. Bxd3
exd3 22. f3 Rg5 23. g4 hxg3 24. Nxg3 Rxg3 25. hxg3 Qxg3 26. Qxd3 Bd6 27. Rc2
Ke7 28. Qh7 Rg8 29. Qxg8 Qxg8 30. Rd2 Qh7+ 31. Kg1 Bc5+ 32. Kg2 Qg6+ 33. Kh3
Qh6+ 34. Kg3 Qxd2 35. Nc4 Qg5+ 36. Kh3 Qh5+ 37. Kg3 Qg5+ 38. Kh3 Bd5 39. b3 e5
40. Kh2 Qf4+ 41. Kg2 Qg4+ 42. Kh2 Qh4+ 43. Kg2 Qg4+ 44. Kh2 Bxf3 45. Rxf3 Qxf3
46. a4 Bf2 47. Nxe5 Qg3+ 48. Kh1 48... Qg1# {Hossa checkmated} 0-1

[Event "ICS rated blitz match"]
[Site "204.178.125.65"]
[Date "1999.09.20"]
[Round "?"]
[White "Hossa"]
[Black "matar"]
[Result "0-1"]
[WhiteElo "2476"]
[BlackElo "2148"]
[PlyCount "140"]
[EventDate "1999.??.??"]

1. e4 c5 2. Nc3 e6 3. g3 d5 4. Bg2 d4 5. Nce2 Nc6 6. d3 g5 7. f4 gxf4 8. Nxf4
e5 9. Nd5 h5 10. Ne2 Bg4 11. Bg5 Qxg5 12. Nc7+ Kd7 13. Nxa8 Bd6 14. b4 cxb4 15.
O-O Qe3+ 16. Rf2 Nh6 17. Nb6+ axb6 18. Kf1 Be6 19. h3 h4 20. Rf3 Qg5 21. Qe1
Rg8 22. Qf2 Be7 23. gxh4 Qxh4 24. Qxh4 Bxh4 25. Kg1 Ra8 26. Nc1 Bg5 27. Nb3
Be3+ 28. Kf1 Ng8 29. h4 Nh6 30. Bh3 Na5 31. Bxe6+ Kxe6 32. Rb1 Nxb3 33. axb3
Ra2 34. Rg3 Rxc2 35. Rg2 Rc3 36. Ke2 Bf4 37. h5 f5 38. Rg6+ Kf7 39. Rxb6 fxe4
40. Rxb7+ Kf6 41. dxe4 Re3+ 42. Kd1 Rxe4 43. Rxb4 Ng4 44. Kc2 Re2+ 45. Kd3 Rd2+
46. Ke4 Kg5 47. Kd5 Nf6+ 48. Kc5 e4 49. Rg1+ Kxh5 50. Rf1 Kg4 51. Rb7 d3 52.
Rg7+ Kf5 53. Rf7 Rb2 54. Kb4 d2 55. Ka3 Rc2 56. Rxf6+ Kxf6 57. b4 Ke5 58. Rd1
e3 59. Rh1 e2 60. Rh5+ Ke4 61. Rh7 d1=Q 62. Re7+ Be5 63. Rxe5+ Kxe5 64. Ka4
e1=Q 65. Kb5 Rb2 66. Kc6 Qc2+ 67. Kd7 Qed2+ 68. Ke8 Qc6+ 69. Kf7 Qdd7+ 70. Kg8
70... Qcc8# {Hossa checkmated} 0-1

[Event "ICS rated blitz match"]
[Site "204.178.125.65"]
[Date "1999.10.10"]
[Round "?"]
[White "Hossa"]
[Black "matar"]
[Result "1-0"]
[WhiteElo "2416"]
[BlackElo "2184"]
[PlyCount "61"]
[EventDate "1999.??.??"]

1. d4 d5 2. Nf3 Nf6 3. c4 e6 4. Nc3 c6 5. e3 Nbd7 6. Bd3 dxc4 7. Bxc4 b5 8. Bd3
a6 9. O-O c5 10. Bd2 Bb7 11. Rc1 Be7 12. Ng5 O-O 13. Qc2 h6 14. Nh7 Nxh7 15.
Bxh7+ Kh8 16. Be4 Bxe4 17. Nxe4 cxd4 18. exd4 Nf6 19. Qd3 Nxe4 20. Qxe4 Bf6 21.
Be3 Qd7 22. b3 Rfc8 23. Qf4 Kg8 24. Rfe1 Kf8 25. Kh1 Rxc1 26. Rxc1 Rc8 27.
Rxc8+ Qxc8 28. Qd6+ Be7 29. Qe5 Bf6 30. Qc5+ Be7 31. Qxc8+ {matar resigns} 1-0

[Event "ICS rated blitz match"]
[Site "204.178.125.65"]
[Date "1999.10.01"]
[Round "?"]
[White "Hossa"]
[Black "matar"]
[Result "1-0"]
[WhiteElo "2430"]
[BlackElo "2169"]
[Annotator "Fritz 5.32 (20s)"]
[PlyCount "97"]
[EventDate "1999.??.??"]

1. e4 c5 2. Nf3 e6 3. d4 cxd4 4. Nxd4 a6 5. Nc3 Qc7 6. Be3 6... Ba3 $16 (6...
b5 7. Bd3 (7. g3 Bb7 8. Bg2 Nf6 9. a3 Be7 10. O-O Nc6 11. f4 d6 12. Kh1 O-O 13.
Qe2 Rad8 14. Rad1 Na5 15. g4 d5 16. e5 Ne4 17. Nxe4 dxe4 18. c3 Bd5 19. Rfe1 g5
20. Qf2 Nc4 21. Bc1 f6 22. Bxe4 Bxe4+ 23. Rxe4 fxe5 24. b3 Nb6 25. Rde1 exd4
26. Rxe6 Nd5 27. cxd4 gxf4 28. g5 Rd6 29. R6e5 Qc6 30. Qg2 Bd8 31. Bd2 f3 32.
Qf2 Bb6 33. h4 Qc2 34. h5 Qd3 35. R1e4 Nc3 36. Bxc3 Qxc3 37. Re8 Rxd4 38. Re3
Rd1+ 39. Kh2 Bxe3 40. Rxf8+ Kxf8 41. Qxf3+ Ke7 42. Qxd1 Qd2+ 43. Qxd2 Bxd2 44.
g6 h6 45. Kg3 Bc3 46. Kf3 Bg7 47. Ke4 Ke6 48. Kf4 Kf6 49. a4 bxa4 50. bxa4
50... a5 {0-1 Movsesian,M-Horak,O/CZE 1996/EXT 99 (50)}) 7... Bb7 8. f4 (8. a3
Nf6 9. O-O Be7 10. Qe2 O-O 11. f3 d6 12. Qf2 Nbd7 13. Rfd1 Rac8 14. Nb3 d5 15.
exd5 Nxd5 16. Nxd5 Bxd5 17. Rd2 Ne5 18. Bb6 Nxd3 19. cxd3 Qc6 20. Na5 Qxb6 21.
Qxb6 Bc5+ 22. Qxc5 Rxc5 23. Re1 Rfc8 24. Ree2 Kf8 25. Kf2 Rc1 26. Re1 Ke7 27.
Rxc1 Rxc1 28. Ke2 Rh1 29. h3 Rg1 30. Ke3 Re1+ 31. Re2 Rxe2+ 32. Kxe2 Kf6 33.
Ke3 Kf5 34. g3 h5 35. d4 f6 36. Kf2 h4 37. gxh4 Kf4 38. h5 Kg5 39. Kg3 Kxh5 40.
h4 g5 41. hxg5 Kxg5 42. Kg2 42... Kf4 {
Vogt,L-Postler,R/Colditz 1967/EXT 99/0-1 (62)}) 8... Nf6 (8... d6 9. O-O Nf6
10. Qf3 Nbd7 11. a3 Be7 12. Rae1 O-O 13. g4 Nc5 14. g5 Nfd7 15. Qh3 Nxd3 16.
cxd3 Rfe8 17. f5 exf5 18. Nxf5 Ne5 19. d4 Nd3 20. Nxg7 Nxe1 21. Nxe8 Qc8 22.
Qxc8 Rxc8 23. Nf6+ {Komljenovic,D-Bukic,E/Umag 1972/MCD/1-0 (54)}) 9. Qf3 Bb4
10. O-O Bxc3 11. bxc3 Qxc3 12. a4 bxa4 13. Rxa4 d5 14. e5 Ne4 15. Rb1 Qc7 16.
Rab4 Nc5 17. Qg3 g6 18. f5 gxf5 19. Qg7 Rf8 20. Rxb7 {
1-0 Bachmayr,P-Gerstner,W/Munich 1992/TD (20)}) (6... Bb4 $5 {
muss erwogen werden} 7. Nde2 7... Nf6 $11) 7. Ndb5 axb5 8. Nxb5 Qa5+ 9. Bd2 Bb4
10. Nd6+ 10... Kd8 $4 $18 {und es geht weiter bergab} (10... Kf8 $142 11. Nxc8
11... Qc5 $14) 11. Nxf7+ Ke7 12. Nxh8 Bxd2+ 13. Qxd2 Nf6 14. Qxa5 Rxa5 15. Bd3
Kf8 16. b4 Rg5 17. g3 (17. h4 $5 {ist genauer} 17... Rxg2 18. e5 18... Ng4 $18)
17... Re5 $6 {leistet nicht viel} (17... Kg8 18. f4 18... Rh5 $18) 18. f4 Rxe4+
19. Bxe4 Nxe4 20. Rd1 Kg8 21. O-O Kxh8 22. Rfe1 Nf6 23. c4 Nc6 24. b5 Ne7 25.
a4 Kg8 26. a5 Kf7 (26... Nf5 27. Rd3 Kf7 28. Ra3 $18) 27. c5 (27. Ra1 $5 {
erleichterte Weiss die Gewinnfuehrung} 27... Ne8 $18) 27... Ned5 28. Rd4 Ke7
29. Rc1 h5 30. Rc2 Kd8 31. h3 Ke7 32. Kf2 32... Nb4 $4 {
ein Versehen in unangenehmer Stellung} (32... Nc7 33. Rb2 33... Nfd5 $18) 33.
Rxb4 Nd5 34. Rd4 g6 35. h4 Kf6 36. Rb2 Kf5 37. Ke1 Kg4 38. Rd3 Ne7 (38... Nf6 {
nuetzt auch nichts mehr} 39. Ra3 $18) 39. a6 bxa6 40. bxa6 (40. b6 {
laesst dem Gegner kaum Chancen} 40... Nd5 41. b7 Bxb7 42. Rxb7 a5 43. Rxd7
43... Nb4 $18) 40... Bxa6 41. Rxd7 Nf5 (41... Nd5 {hilft auch nicht mehr} 42.
Kf2 $18) 42. Rb6 Bd3 (42... Bc8 43. Rc7 Kxg3 44. Rxc8 44... Ne3 $18) 43. c6 Be4
44. c7 Nxg3 45. c8=Q Bf5 46. Qd8 (46. Rb3 e5 47. Qc3 Bxd7 48. Qxg3+ Kf5 49.
Qh3+ Kf6 50. Qxd7 exf4 51. Rb6+ Ke5 52. Re6+ Kf5 53. Re7+ Kf6 54. Qe6#) 46...
Kh3 47. Qg5 {Droht Matt} 47... Ne4 48. Rd3+ Kh2 49. Rb2+ (49. Rb2+ Nf2 50.
Rxf2+ Kh1 51. Qg2#) 1-0

[Event "ICS rated blitz match"]
[Site "204.178.125.65"]
[Date "1999.10.01"]
[Round "?"]
[White "Hossa"]
[Black "matar"]
[Result "1-0"]
[WhiteElo "2442"]
[BlackElo "2157"]
[Annotator "Fritz 5.32 (20s)"]
[PlyCount "63"]
[EventDate "1999.??.??"]

1. e4 c5 2. Nf3 e6 3. d4 cxd4 4. Nxd4 a6 5. Nc3 Qc7 6. Be3 6... Ba3 $16 (6...
b5 7. Bd3 (7. g3 Bb7 8. Bg2 Nf6 9. a3 Be7 10. O-O Nc6 11. f4 d6 12. Kh1 O-O 13.
Qe2 Rad8 14. Rad1 Na5 15. g4 d5 16. e5 Ne4 17. Nxe4 dxe4 18. c3 Bd5 19. Rfe1 g5
20. Qf2 Nc4 21. Bc1 21... f6 {Movsesian,M-Horak,O/CZE 1996/EXT 99/0-1 (50)})
7... Bb7 8. f4 (8. a3 Nf6 9. O-O Be7 10. Qe2 O-O 11. f3 d6 12. Qf2 Nbd7 13.
Rfd1 Rac8 14. Nb3 d5 15. exd5 Nxd5 16. Nxd5 Bxd5 17. Rd2 Ne5 18. Bb6 Nxd3 19.
cxd3 Qc6 20. Na5 Qxb6 21. Qxb6 Bc5+ 22. Qxc5 22... Rxc5 {
Vogt,L-Postler,R/Colditz 1967/EXT 99/0-1 (62)}) 8... Nf6 (8... d6 9. O-O Nf6
10. Qf3 Nbd7 11. a3 Be7 12. Rae1 O-O 13. g4 Nc5 14. g5 Nfd7 15. Qh3 Nxd3 16.
cxd3 Rfe8 17. f5 exf5 18. Nxf5 Ne5 19. d4 Nd3 20. Nxg7 Nxe1 21. Nxe8 Qc8 22.
Qxc8 Rxc8 23. Nf6+ {Komljenovic,D-Bukic,E/Umag 1972/MCD/1-0 (54)}) 9. Qf3 Bb4
10. O-O Bxc3 11. bxc3 Qxc3 12. a4 bxa4 13. Rxa4 d5 14. e5 Ne4 15. Rb1 Qc7 16.
Rab4 Nc5 17. Qg3 g6 18. f5 gxf5 19. Qg7 Rf8 20. Rxb7 {
1-0 Bachmayr,P-Gerstner,W/Munich 1992/TD (20)}) (6... Bb4 $5 {ist zu erwaegen}
7. Nde2 7... Nf6 $11) 7. Ndb5 axb5 8. Nxb5 Qa5+ 9. Bd2 Bb4 10. Nd6+ 10... Kd8
$4 $18 {fuehrt zu weiteren Sorgen} (10... Kf8 $142 11. Nxc8 11... Qc5 $14) 11.
Nxf7+ Ke7 12. Nxh8 Bxd2+ 13. Qxd2 Nf6 14. Qxa5 Rxa5 15. Bd3 Nc6 16. f4 d6 17.
Rf1 (17. c3 Bd7 18. b4 18... Ra8 $16) 17... Bd7 18. g4 g6 (18... Ra8 19. g5 Nh5
20. Be2 $18) 19. g5 19... Ng4 $2 (19... Nh5 20. f5 exf5 21. exf5 Bxf5 22. Bxf5
22... gxf5 $18) 20. h3 Ne3 21. Rf3 (21. Rf2 {gibt noch groesseren Vorteil}
21... d5 22. Re2 22... d4 $18) 21... Ng2+ 22. Kf1 (22. Kf2 {
waere im Gewinnsinne praeziser} 22... Nh4 23. Re3 e5 24. fxe5 24... Nxe5 $18)
22... Nh4 23. Rg3 (23. Rf2 {damit wuerde Weiss es sich noch erleichtern} 23...
Nb4 $18) 23... Ra8 (23... e5 24. f5 gxf5 25. g6 hxg6 26. Nxg6+ Nxg6 27. Rxg6
fxe4 28. Rg7+ Kd8 29. Bxe4 $18) 24. Rg4 Nf3 25. Kf2 Nfd4 26. c3 e5 27. Rh4 (27.
cxd4 $6 27... Bxg4 28. hxg4 28... exf4 $16) 27... Rxh8 28. cxd4 Nxd4 29. fxe5
dxe5 30. Ke3 Be6 (30... Ne6 31. Rg1 $18) 31. a3 b6 32. Rf1 (32. Rf1 Bb3 33. Rf6
$18) 1-0

[Event "ICS rated blitz match"]
[Site "204.178.125.65"]
[Date "1999.09.30"]
[Round "?"]
[White "Hossa"]
[Black "matar"]
[Result "0-1"]
[WhiteElo "2478"]
[BlackElo "2121"]
[Annotator "Fritz 5.32 (20s)"]
[PlyCount "122"]
[EventDate "1999.??.??"]

1. e4 c5 2. Nf3 e6 3. d4 cxd4 4. Nxd4 a6 5. Nc3 Qc7 6. Be3 6... Ba3 $16 (6...
b5 7. Bd3 (7. g3 Bb7 8. Bg2 Nf6 9. a3 Be7 10. O-O Nc6 11. f4 d6 12. Kh1 O-O 13.
Qe2 Rad8 14. Rad1 Na5 15. g4 d5 16. e5 Ne4 17. Nxe4 dxe4 18. c3 Bd5 19. Rfe1 g5
20. Qf2 Nc4 21. Bc1 21... f6 {Movsesian,M-Horak,O/CZE 1996/EXT 99/0-1 (50)})
7... Bb7 8. f4 (8. a3 Nf6 9. O-O Be7 10. Qe2 O-O 11. f3 d6 12. Qf2 Nbd7 13.
Rfd1 Rac8 14. Nb3 d5 15. exd5 Nxd5 16. Nxd5 Bxd5 17. Rd2 Ne5 18. Bb6 Nxd3 19.
cxd3 Qc6 20. Na5 Qxb6 21. Qxb6 Bc5+ 22. Qxc5 22... Rxc5 {
Vogt,L-Postler,R/Colditz 1967/EXT 99/0-1 (62)}) 8... Nf6 (8... d6 9. O-O Nf6
10. Qf3 Nbd7 11. a3 Be7 12. Rae1 O-O 13. g4 Nc5 14. g5 Nfd7 15. Qh3 Nxd3 16.
cxd3 Rfe8 17. f5 exf5 18. Nxf5 Ne5 19. d4 Nd3 20. Nxg7 Nxe1 21. Nxe8 Qc8 22.
Qxc8 Rxc8 23. Nf6+ {Komljenovic,D-Bukic,E/Umag 1972/MCD/1-0 (54)}) 9. Qf3 Bb4
10. O-O Bxc3 11. bxc3 Qxc3 12. a4 bxa4 13. Rxa4 d5 14. e5 Ne4 15. Rb1 Qc7 16.
Rab4 Nc5 17. Qg3 g6 18. f5 gxf5 19. Qg7 Rf8 20. Rxb7 {
1-0 Bachmayr,P-Gerstner,W/Munich 1992/TD (20)}) (6... Bb4 $5 {ist interessant}
7. Nde2 7... Nf6 $11) 7. Qc1 $11 (7. Ncb5 $5 7... axb5 8. Nxb5 (8. bxa3 $143
8... Qc3+ 9. Ke2 9... Nf6 $11 (9... Rxa3 $2 {ist falsch} 10. Nxb5 Qc4+ 11. Kd2
Qb4+ 12. c3 $18) (9... Qxa3 $143 10. Nxb5 Qa6 11. Ke1 $16)) 8... Qa5+ 9. Bd2
$16) 7... Nf6 8. Nde2 Be7 9. Bf4 9... d6 {Verwehrt dem Gegner e5} 10. Ng3 b5
11. Bd3 Bb7 12. O-O Nbd7 13. a4 b4 14. Nce2 14... O-O $11 (14... Nc5 15. f3 $15
) 15. Qe1 Rab8 16. f3 {Sichert g4} 16... Ne5 17. Kh1 Rfc8 18. Bxe5 $17 (18. Rc1
18... Qa5 $15) 18... dxe5 19. Qd2 Nd7 20. f4 Nc5 21. f5 {Weiss gewinnt Raum}
21... Nxd3 22. cxd3 {
Schwarz erhaelt starke Drohungen in der geoeffneten c-Linie} 22... Qc2 23. Qxc2
Rxc2 24. fxe6 fxe6 25. b3 a5 (25... Rbc8 26. Rae1 $17) 26. Rac1 Rbc8 27. Rxc2
Rxc2 28. Rc1 Rxc1+ 29. Nxc1 Bg5 30. Nge2 Be3 31. g4 Kf7 32. h4 Ke7 33. Kg2 Kd6
34. Kf3 34... Bd2 {Schwarz erhaelt starke Initiative} 35. g5 g6 36. Kf2 (36.
Na2 Ba6 37. Nac1 37... Kc5 $19) 36... Kc5 37. Kg3 $19 (37. d4+ exd4 38. Nd3+
Kd6 39. Nxd4 Bxe4 40. Nb2 $17) 37... Ba6 38. Kg4 $2 (38. Kf3 $19 $142) 38...
Bxc1 39. Nxc1 Kd4 40. h5 (40. Kf3 {waere gleichermassen fruchtlos} 40... Bxd3
41. Na2 41... Ba6 $19) 40... Ke3 41. hxg6 hxg6 42. Kg3 Kd2 43. Na2 Bxd3 44. Kf3
44... Bb1 {Mit der Mattdrohung Bxa2} 45. Nxb4 axb4 46. a5 Bd3 47. Kg3 Ke3 48.
Kg4 Kxe4 49. Kg3 Ke3 50. Kg2 50... e4 {Mit der Idee Kd2} 51. Kg3 51... Kd2 {
Droht e5} 52. Kf4 e3 53. Ke5 e2 54. Kd6 e1=Q 55. Kd7 Qe4 56. Ke8 56... Qb7 {
Droht Matt: Qg7} 57. Kf8 57... e5 {Droht Matt} 58. Ke8 (58. a6 {
nuetzt auch nichts mehr} 58... Qa7 59. Kg8 Ke2 60. Kf8 Bf5 61. Kg8 Be6+ 62. Kh8
Qf7 63. a7 Qg8#) 58... Bf5 59. Kf8 (59. a6 {
kann das Vorangegangene nicht ungeschehen machen} 59... Qd7+ 60. Kf8 Be6 61. a7
Qf7#) 59... Be6 60. Ke8 Qd7+ 61. Kf8 Qf7# 0-1

[Event "ICS rated blitz match"]
[Site "204.178.125.65"]
[Date "1999.08.27"]
[Round "?"]
[White "Hossa"]
[Black "matar"]
[Result "1-0"]
[WhiteElo "2398"]
[BlackElo "2193"]
[PlyCount "37"]
[EventDate "1999.??.??"]

1. d4 Nf6 2. Nf3 e6 3. c4 b6 4. Bg5 Bb4+ 5. Nbd2 h6 6. Bxf6 Qxf6 7. e3 g5 8.
Bd3 Bb7 9. O-O Nc6 10. Ne4 Qd8 11. a3 Bf8 12. Nfd2 Bg7 13. f4 f5 14. Qh5+ Kf8
15. fxg5 hxg5 16. Qg6 g4 17. Ng5 Qf6 18. Bxf5 Qxg6 19. Bxg6+ {matar resigns}
1-0

[Event "ICS rated blitz match"]
[Site "204.178.125.65"]
[Date "1999.09.20"]
[Round "?"]
[White "Hossa"]
[Black "matar"]
[Result "1-0"]
[WhiteElo "2406"]
[BlackElo "2212"]
[PlyCount "59"]
[EventDate "1999.??.??"]

1. d4 Nf6 2. Nf3 g6 3. c4 Bg7 4. Nc3 d6 5. e4 O-O 6. Be2 Na6 7. O-O e5 8. dxe5
dxe5 9. Bg5 Qe8 10. Qd2 b6 11. Bh6 Bb7 12. Bxg7 Kxg7 13. Qe3 Rd8 14. Rfd1 Qe7
15. Qg5 h6 16. Qg3 Nxe4 17. Nxe4 Bxe4 18. Nxe5 Nc5 19. Ng4 h5 20. Ne3 h4 21.
Qg4 f5 22. Qh3 Ne6 23. Nd5 Bxd5 24. cxd5 Nf4 25. Qc3+ Kh6 26. Bf3 Qg7 27. Qc1
g5 28. Rb1 Rfe8 29. Qc6+ Rd6 30. Qxe8 {matar resigns} 1-0

[Event "ICS rated blitz match"]
[Site "204.178.125.65"]
[Date "1999.10.01"]
[Round "?"]
[White "Hossa"]
[Black "matar"]
[Result "1-0"]
[WhiteElo "2439"]
[BlackElo "2160"]
[Annotator "Fritz 5.32 (20s)"]
[PlyCount "47"]
[EventDate "1999.??.??"]

1. e4 c5 2. Nf3 e6 3. d4 cxd4 4. Nxd4 a6 5. Be2 Nf6 6. Nd2 Nc6 (6... d6 7. O-O
Bd7 8. b3 Nc6 9. Bb2 Be7 10. Kh1 O-O 11. f4 Qc7 12. Nxc6 Bxc6 13. Bd3 Rfe8 14.
Qe2 Nd7 15. Rae1 Bf8 16. Qg4 Nc5 17. Re3 g6 18. Rh3 Nxd3 19. cxd3 f5 20. Qxg6+
hxg6 21. Rh8+ Kf7 22. Rh7+ Kg8 23. Rh8+ {
- Speelman,J-Rivas Pastor,M/Amsterdam 1978/MCD (23)}) (6... Qc7 7. O-O d6 8. f4
Nbd7 9. Kh1 Be7 10. Bc4 Nc5 11. e5 dxe5 12. fxe5 Qxe5 13. N2f3 Qc7 14. Ng5 Bd6
15. Qe2 h6 16. Ngf3 b5 17. Bd3 Nxd3 18. cxd3 O-O 19. Bd2 Bb7 20. Nh4 Qe7 21.
Bxh6 {Kusterle,F-Bednarich,J/Nova Gorica 1998/EXT 99/0-1 (33)}) 7. Nxc6 dxc6 8.
O-O e5 9. Nc4 $146 (9. c3 Qc7 10. Qc2 Be7 11. Nc4 b5 12. Ne3 O-O 13. Bd2 Be6
14. Rfc1 Rfd8 15. Rd1 Qb6 16. h3 a5 17. Nf1 Bc5 18. Be3 Rxd1 19. Rxd1 a4 20.
Qb1 Bxe3 21. Nxe3 Rd8 22. Rd3 Rxd3 23. Bxd3 Nd7 24. a3 Nc5 25. Bc2 Qd8 26. Qe1
g6 27. Nf1 Qd6 28. Qd2 {- Selezniev,A-Balla,Z/Bad Pistyan 1922/HCL (28)}) 9...
Qc7 10. Be3 Be6 11. Bb6 Qb8 12. Qd3 Be7 13. Rad1 O-O 14. Rd2 Nd7 15. Qe3 {
Die Partie wird im Koenigsangriff beendet} 15... Nxb6 $14 (15... h6 $5 16. Qf3
16... f5 $11) 16. Nxb6 Ra7 17. Rfd1 17... Bd8 $18 (17... h6 18. Nd7 Bxd7 19.
Rxd7 $14) 18. Nc8 {Weiss droht stark Rxd8} 18... Bxc8 $4 {
fuehrt zum raschen Untergang} (18... Bg5 $142 19. Qxg5 Qxc8 20. Qxe5 20... b6
$18) 19. Rxd8 {Mit der Mattdrohung Qc5} 19... b6 (19... h6 20. Qc5 Rxd8 21.
Rxd8+ Kh7 22. Qf8 $18) 20. Rxf8+ (20. Qg5 $142 {und Weiss gewinnt} 20... Rd7
21. R1xd7 Bxd7 22. Rxb8 Rxb8 23. Qxe5 23... Rf8 $18) 20... Kxf8 21. Rd8+ Ke7
22. Qg5+ f6 23. Rxc8 $1 {huebsch} 23... Qxc8 (23... fxg5 {
macht keinen grossen Unterschied} 24. Rxb8 b5 25. Bg4 $18) 24. Qxg7+ (24. Qxg7+
Kd6 25. Qxa7 $18) 1-0